Premeny a rozvoj

Bibliographic Details
Main Author: Hujík, Vlado, 1945- (Author)
Format: Book
Language:Slovak
Published: Bytča JRD ČSSP 1989
Subjects:

MARC

LEADER 00000nam a2200000 a 4500
001 vtls001244097
003 SK-MaSNL
005 20260301064057.0
008 250414s1989 xo 0 slo
020 |a 8090039847 
035 |a SNK000191111 
040 |a SNK  |b slo  |c SNK  |e AACR2 
041 0 |a slo 
044 |a xo  |c SK 
080 |a 631.115.6(437.658)(085)"1949/1989"  |2 1981 
100 1 |a Hujík, Vlado,  |d 1945-  |4 aut  |9 156409 
245 1 0 |a Premeny a rozvoj  |c Vlado Hujík 
260 |a Bytča  |b JRD ČSSP  |c 1989  |e [Žilina]  |f [Pravda] 
300 |a 58 s.  |b Fotogr., kres., tab.  |c 20,5x14,5 cm 
500 |a Nepred. 
651 7 |a Žilina (Slovensko)  |2 SNK  |9 28812 
852 |a Slovenská národná knižnica 
919 |a 80-900398-4-7 
954 |a družstvá roľnícke  |a JRD ČSSP, Bytča 
958 |a OND 
958 |a FVY 
958 |a TL 
999 |c 625821  |d 627751 
952 |a SNK  |b SNK  |y PREZ  |7 0  |p 17A0983170  |o snkSC 81636  |0 0  |1 0  |4 0  |d 2012-08-14  |l 0  |r 2025-08-18 00:00:00  |w 2026-02-23 
952 |t P60, <04>, [BOOK], {604}  |a SNK  |b SNK  |y VYP  |7 0  |p 17A0315595  |o snkSC 81636 D1  |i snkKSP 3953/92  |0 0  |1 0  |4 0  |d 2001-09-19  |l 0  |r 2005-01-01 00:00:00  |w 2026-02-23